MARC

Tag First Indicator Second Indicator Subfields
LEADER 00000cam a2200000La 4500
001 in00002290959
005 20190326195438.0
006 m | d |
007 cr |n||||||||n
008 871209s1711 enk s 000 0 eng d
040 |a GKS  |c GKS  |d YSM  |d OCL  |d Thomson Gale  |d UtOrBLW 
043 |a e-uk--- 
245 0 4 |a The Lives of Roger Mortimer, Earl of March, and of Robert, Earl of Oxford, &c., prime ministers in the reigns of Edward the Second and Richard the Second. 
264 3 |a London :  |b Printed for A. Baldwin ...,  |c 1711. 
300 |a 48 pages 
336 |a text  |b txt  |2 rdacontent 
337 |a computer  |b c  |2 rdamedia 
338 |a online resource  |b cr  |2 rdacarrier 
500 |a Sometimes attributed to John Oldmixon. A satire on Robert Harley. Cf. ESTC. 
500 |a Reproduction of original from Goldsmiths' Library, University of London. 
500 |a Goldsmiths'-Kress number 04826. 
510 4 |a ESTC  |c T041116. 
510 4 |a OCLC,  |c 20889433 
533 |a Electronic reproduction.  |b Farmington Hills, Mich. :  |c Thomson Gale,  |d 2005.  |f (The making of the modern world).  |n Available via the World Wide Web.  |n Access limited to licensing agreements.  |7 s2005 miunns 
500 |a Electronic resource. 
650 0 |a Favorites, Royal  |z Great Britain  |v Early works to 1800. 
600 1 0 |a Mortimer, Roger de,  |c Earl of March,  |d 1287?-1330. 
600 1 0 |a Ireland, Robert de Vere,  |c Duke of,  |d 1362-1392. 
651 0 |a Great Britain  |x History  |y 14th century. 
600 1 0 |a Oxford, Robert Harley,  |c Earl of,  |d 1661-1724  |v Humor. 
651 0 |a Great Britain  |x Politics and government  |y 1702-1714  |x Anecdotes. 
651 0 |a Great Britain  |x Politics and government  |y 1702-1714  |x Humor. 
655 0 |a Electronic books. 
700 1 |a Oldmixon,  |c Mr.  |q (John),  |d 1673-1742. 
830 0 |a Making of the modern world (Goldsmiths'-Kress Library of Economic Literature) 
856 4 0 |u http://proxy.library.tamu.edu/login?url=http://galenet.galegroup.com/servlet/MOME?af=RN&ae=U100480944&srchtp=a&ste=14&locID=txshracd2898  |z Connect to the full text of this electronic book  |t 0 
999 |a MARS 
999 f f |s 0030baa7-ee40-3d50-bb14-eac93da799a0  |i 729217be-fb10-35f4-8769-13f85c58e68b  |t 0 
952 f f |a Texas A&M University  |b College Station  |c Electronic Resources  |d Available Online  |t 0  |h No information provided 
998 f f |t 0  |l Available Online